Online
Catalog

Influencia social del cristianismo / (Record no. 23769)

MARC details
000 -CABECERA
campo de control de longitud fija 00677nam a2200205 a 4500
001 - NÚMERO DE CONTROL
campo de control 000024275
005 - FECHA Y HORA DE LA ÚLTIMA TRANSACCIÓN
campo de control 20240517201238.0
008 - DATOS DE LONGITUD FIJA--INFORMACIÓN GENERAL
campo de control de longitud fija 110125s1972 xxu r 000 0 spa d
040 ## - FUENTE DE LA CATALOGACIÓN
Centro catalogador/agencia de origen DO-SdBNP
Lengua de catalogación spa
Centro/agencia transcriptor BNPHU
082 ## - NÚMERO DE LA CLASIFICACIÓN DECIMAL DEWEY
Número de clasificación 306.6
Número de documento/Ítem L864i
049 ## - FONDOS LOCALES (OCLC)
Fondos de biblioteca bngr
100 1# - ENTRADA PRINCIPAL--NOMBRE DE PERSONA
Nombre de persona López Muñoz, A.
9 (RLIN) 49829
245 10 - MENCIÓN DE TÍTULO
Título Influencia social del cristianismo /
Mención de responsabilidad, etc. A. López Muñoz ; prólogo M. Rodríguez Vivanco.
260 ## - PUBLICACIÓN, DISTRIBUCIÓN, ETC.
Lugar de publicación, distribución, etc. [s.l.] :
Nombre del editor, distribuidor, etc. Casa Bautista de Publicaciones,
Fecha de publicación, distribución, etc. 1972.
300 ## - DESCRIPCIÓN FÍSICA
Extensión 86 p. ;
Dimensiones 19 cm.
650 #4 - PUNTO DE ACCESO ADICIONAL DE MATERIA--TÉRMINO DE MATERIA
Término de materia o nombre geográfico como elemento de entrada Religión y sociología
9 (RLIN) 7389
650 #0 - PUNTO DE ACCESO ADICIONAL DE MATERIA--TÉRMINO DE MATERIA
Término de materia o nombre geográfico como elemento de entrada Sociología cristiana
9 (RLIN) 5839
650 #4 - PUNTO DE ACCESO ADICIONAL DE MATERIA--TÉRMINO DE MATERIA
Término de materia o nombre geográfico como elemento de entrada Sociología bíblica
9 (RLIN) 49830
700 1# - PUNTO DE ACCESO ADICIONAL--NOMBRE DE PERSONA
Nombre de persona Rodríguez Vivanco, M.
Término indicativo de función/relación pról.
9 (RLIN) 49831
Holdings
Estado de retiro Estado de pérdida Restricciones de uso No para préstamo Código de colección Localización permanente Ubicación/localización actual Ubicación en estantería Fecha de adquisición Número de inventario Total de préstamos Signatura topográfica completa Código de barras Fecha visto por última vez Precio válido a partir de Tipo de ítem Koha
        Monografías: Libros y Folletos General General En catalogación 26.01.2011 LF1   306.6 L864i 24275-10 25.06.2020 25.06.2020 Préstamo en sala

Powered by Koha